Training for public administration and management in developing countries : (Record no. 542627)
[ view plain ]
| 000 -LEADER | |
|---|---|
| fixed length control field | 00627cam a2200157 a 4500 |
| 020 ## - INTERNATIONAL STANDARD BOOK NUMBER | |
| International Standard Book Number | 0821302345 (pbk.) |
| 082 00 - DEWEY DECIMAL CLASSIFICATION NUMBER | |
| Classification number | 350.15091724 |
| Author Mark | PAU |
| -- | D |
| 100 1# - MAIN ENTRY--PERSONAL NAME | |
| Personal name | Paul, Samuel, |
| 9 (RLIN) | 37877 |
| 245 10 - TITLE STATEMENT | |
| Title | Training for public administration and management in developing countries : |
| Remainder of title | a review / |
| Statement of responsibility, etc. | Samuel Paul. |
| 260 ## - PUBLICATION, DISTRIBUTION, ETC. | |
| Place of publication, distribution, etc. | Washington, D.C., U.S.A. : |
| Name of publisher, distributor, etc. | World Bank, |
| Date of publication, distribution, etc. | c1983. |
| 300 ## - PHYSICAL DESCRIPTION | |
| Extent | 113 p. ; |
| Dimensions | 28 cm. |
| 490 1# - SERIES STATEMENT | |
| Series statement | World Bank staff working papers, |
| -- | Management and development series ; |
| 526 ## - STUDY PROGRAM INFORMATION NOTE | |
| Program name | 0 |
| Interest level | 0 |
| Reading level | 0 |
| Title point value | 350_150917240000000_PAU |
| 650 #0 - SUBJECT ADDED ENTRY--TOPICAL TERM | |
| Topical term or geographic name entry element | Public administration |
| General subdivision | Study and teaching |
| Geographic subdivision | Developing countries. |
| 9 (RLIN) | 37878 |
| 942 ## - ADDED ENTRY ELEMENTS (KOHA) | |
| Source of classification or shelving scheme | |
| Koha item type | Book |
| Withdrawn status | Lost status | Source of classification or shelving scheme | Damaged status | Not for loan | Permanent Location | Current Location | Date acquired | Total Checkouts | Full call number | Barcode | Date last seen | Price effective from | Koha item type |
|---|---|---|---|---|---|---|---|---|---|---|---|---|---|
| Military College of Engineering (MCE) | Military College of Engineering (MCE) | 02/06/2014 | 350.15091724 PAU | MCE-42511 | 02/06/2014 | 02/06/2014 | Book |
